000 01664cam a22004454i 4500
003 PE-LiUPU
005 20250731172856.0
008 161005s r 000 0 spa d
020 _a9780805495799
035 _a(Sirsi) i9780805495799
049 _aPRUA
082 0 4 _a220
_bL59
245 _aLibro de las tablas comparativas bíblicas, mapas y líneas de tiempo.
264 _aNashville, Tenn. :
_bB & H Español,
_c©2012.
300 _a192 páginas :
_bilustraciones ;
_c28 centímetros.
336 _text
_2rdacontent
337 _unmediated
_2rdamedia
338 _volume
_2rdacarrier
504 _aIndice : páginas 189-192.
505 0 _aComparativas generales de la bilbia -- Comparativas del antiguo testamento -- Tablas comparativas del nuevo testamento -- Mapas -- Ilustraciones y diagramas -- Cristianismo, secta y religiones.
526 _aSEG42
526 _aSEG41
526 _aSEG40
526 _aSEG39
526 _aP94
526 _aP87
526 _aP86
526 _aP85
526 _aP77
526 _aP76
526 _aP35
630 _aBiblia
_xManuales, etc.
630 _aBiblia
_xCronología
_vCuadros, diagramas, etc.
630 _aBiblia
_xGeografía
_vMapas.
942 _2ddc
_cBOOK
949 _a220 L59
_wDEWEY
_c1
_i74860
_lCCODEBUL1
_mBUL
_r0
_sY
_tBOOK
_u2016-10-5
_xTEOLOGIA
_PP35
_0COMPRA
_o.STAFF. Colección TEOLOGÍA
596 _a1
999 _a220 L59
_wDEWEY
_c12837
_i74860
_d12837
_e2017-10-29
_f2021-11-9
_g6
_lCCODEBUL1
_mBUL
_n7
_q7
_r0
_sY
_tBOOK
_u2016-10-5
_xTEOLOGIA
_PP35
_0COMPRA
_o.STAFF. Colección TEOLOGÍA
980 _81
_gALBERTO SANCHEZ Responsable de Automatización